Historical and socio-cultural aspects of North-East India/ (Record no. 8379)

MARC details
000 -LEADER
fixed length control field 00645 a2200193 4500
003 - CONTROL NUMBER IDENTIFIER
control field GBCCL
005 - DATE AND TIME OF LATEST TRANSACTION
control field 20241126110649.0
008 - FIXED-LENGTH DATA ELEMENTS--GENERAL INFORMATION
fixed length control field 200217b ||||| |||| 00| 0 eng d
020 ## - INTERNATIONAL STANDARD BOOK NUMBER
International Standard Book Number 9789351251965
040 ## - CATALOGING SOURCE
Transcribing agency GBC
082 ## - DEWEY DECIMAL CLASSIFICATION NUMBER
Classification number 398.209541
Item number HIS
245 ## - TITLE STATEMENT
Title Historical and socio-cultural aspects of North-East India/
Statement of responsibility, etc. editor, Dr. Sikhamoni Konwar.
260 ## - PUBLICATION, DISTRIBUTION, ETC.
Place of publication, distribution, etc. New Delhi :
Name of publisher, distributor, etc. Concept Publishing Company Pvt. Ltd.,
Date of publication, distribution, etc. 2016.
300 ## - PHYSICAL DESCRIPTION
Extent 2 volumes ; 23 cm
650 ## - SUBJECT ADDED ENTRY--TOPICAL TERM
Topical term or geographic name entry element India, Northeastern -- History.
9 (RLIN) 14647
650 ## - SUBJECT ADDED ENTRY--TOPICAL TERM
Topical term or geographic name entry element Folklore -- India, Northeastern.
9 (RLIN) 14648
650 ## - SUBJECT ADDED ENTRY--TOPICAL TERM
Topical term or geographic name entry element Values -- India, Northeastern.
9 (RLIN) 14649
942 ## - ADDED ENTRY ELEMENTS (KOHA)
Source of classification or shelving scheme Dewey Decimal Classification
Koha item type Books
Koha issues (borrowed), all copies 6
Holdings
Withdrawn status Lost status Source of classification or shelving scheme Damaged status Not for loan Home library Current Library Shelving location Date acquired Source of acquisition Cost, normal purchase price Total checkouts Full call number Barcode Date last seen Date last checked out Copy number Cost, replacement price Price effective from Koha item type Total renewals
    Dewey Decimal Classification     GRACE BIBLE COLLEGE GRACE BIBLE COLLEGE North East Collection 2020-02-24 10 675.00 5 398.209541 HIS 013842 2025-05-01 2025-02-21 v.1 900.00 2020-02-24 Books  
    Dewey Decimal Classification     GRACE BIBLE COLLEGE GRACE BIBLE COLLEGE North East Collection 2020-02-24 10 675.00 3 398.209541 HIS 013843 2025-08-06 2025-07-31 v.2 900.00 2020-02-24 Books 1
© Grace Bible College Library 2025